00989nam a2200241 i 4500001000700000003000900007005001700016007000300033008004100036100004900077245010500126250001200231260004400243300005400287490004500341610003200386651006300418710004100481830005300522852003200575999001900607952012100626132485ES-MaACL20250911063552.0t|070214s1977 sp r ||||1| spa d1 aRomero Murube, Joaquín, d1904-196999941913aEl Alcázar de Sevilla b: guía turística / ccomentarios y notas de Joaquín Romero y Murube. a6ª ed. aMadrid : bPatrimonio Nacional, c1977. a131 p., 31 lám. : bil. = retr. aut. ; c17 cm.1 aGuías turísticas Patrimonio Nacional24aAlcázar de Sevilla.91324 4aSevilla-xEdificios, estructuras, etc.-vHistoria.91541972 aPatrimonio Nacional (España)961650 aGuías turísticas Patrimonio Nacional9184323 aES-MaACLjL-5540 bR.106007 c132485d132485 00104070aATENEOMbATENEOMcDEPO2d2008-01-17eSCl0oL-5540p1137931r2023-02-23 00:00:00w2023-02-23yMONOGRAFIA